000 00662nam a22001937a 4500
003 MX-MxUPN
005 20260413095227.0
008 260413s1945 mx|odb|fry||| 000 0 spa d
040 _aMX-MxUPN
_bspa
041 0 _aspa
050 4 _aQ4
_bC66 1945
110 2 _aComisión Impulsora y Coordinadora de la Investigación Científica (Mexico)
_959242
245 0 0 _aAnuario 1945
260 _aMéxico, D.F. :
_bComisión Impulsora y Coordinadora de la Investigación Científica,
_c1945
300 _a329 páginas :
_bfotografías, gráficos, mapas
650 4 _aCiencia
_zMéxico
_vAnuarios
_959243
902 _aVíctorGodínez/130426
942 _2lcc
_cLIBRO
999 _c214929
_d214929